Loading...
| BB | 3 | 7 | 1 | 1 | 110 | 37 | 93.50 | 5 | 10 | 0.00 | 0.00 |
| MB | 3 | 5 | 2 | 1 | 85 | 62 | 92.00 | 4 | 8 | 0.00 | 0.00 |
| RR | 2 | 5 | 0 | 2 | 80 | 60 | 101.86 | 1 | 7 | 0.00 | 0.00 |
| TR | 1 | 5 | 0 | 1 | 65 | 25 | 94.83 | 3 | 6 | 0.00 | 0.00 |
| AG | 2 | 3 | 1 | 0 | 55 | 62 | 79.40 | 2 | 5 | 0.00 | 0.00 |
| AR | 1 | 3 | 0 | 1 | 45 | 54 | 94.25 | 2 | 4 | 0.00 | 0.00 |
| AW | 2 | 0 | 0 | 0 | 30 | 53 | 75.00 | 1 | 2 | 0.00 | 0.00 |
| RC | 0 | 3 | 1 | 1 | 25 | 64 | 91.67 | 2 | 3 | 0.00 | 0.00 |
| DM | 0 | 2 | 0 | 0 | 20 | 84 | 93.00 | 2 | 2 | 0.00 | 0.00 |
| AW> | 0 | 1 | 0 | 0 | 10 | 114 | 114.00 | 0 | 1 | 0.00 | 0.00 |
| RC> | 0 | 1 | 0 | 0 | 10 | 121 | 121.00 | 0 | 1 | 0.00 | 0.00 |
| TR | Jim Brown | 15 | 25 |
| BB | length | 15 | 37 |
| BB | maximum wavelength of absorption | 15 | 42 |
| BB | conformal map | 15 | 53 |
| AW | branches | 15 | 53 |
| AR | washing hands | 15 | 54 |
| MB | Titus Maccius Plautus | -5 | 59 |
| RR | Tamil Nadu | 15 | 60 |
| MB | Orhan Pamuk | 15 | 62 |
| AG | Ramayana | 15 | 62 |